000 01424nam a2200349 i 4500
003 EG-GICUC
005 20260121101725.0
008 260113s2009 ua ||||fr|||| 00| 0 ara d
017 _a2008/23837
020 _a9773285294
040 _a EG-GICUC
_bara
_c EG-GICUC
_d EG-GICUC
_erda
041 0 _aara
082 0 4 _a343.423
_bط ا . أ
_221
092 0 4 _221
099 _aLaw1 10 343.423 ط ا . أ 2009 1006368
100 0 _aطارق إبراهيم الدسوقي عطية.
_eمؤلف.
240 1 3 _ale système legal pour la protection de l'environnement
245 1 2 _aالأمن البيئي :
_bالنظام القانوني لحماية البيئة = le système legal pour la protection de l'environnement /
_cدكتور طارق إبراهيم الدسوقي عطية.
264 1 _aالإسكندرية، مصر :
_bدار الجامعة الجديدة،
_c2009.
300 _a525 صفحة ؛
_c24 سم.
336 _2rda content
_atext
337 _2rda media
_aComputer
338 _2rda carrier
_aOnline Resource
504 _aيشتمل على ارجاعات ببليوجرافية.
546 _aالنص باللغة العربية
650 1 4 _aالتشريعات المتعلقة بالبيئة.
_2qrmak
650 1 4 _aالقانون الجنائي.
_2qrmak
651 1 _2qrmak
856 4 0 _uhttps://fll.law.cu.edu.eg/fulltext/bks/B10-06368.pdf
905 _a18
942 _2ddc
_cBK
_e21
_n0
999 _c56936
_d56936